000 00326pam a2200157a 44500
008 230515b1978 xxu||||| |||| 00| 0 eng d
020 _aNULL
041 _aMARATHI
082 _a1
100 _aKHEMRAJ
245 _aBHAVPRAKASH
250 _a1
260 _aSANGAI
_bN.D.
_c1978
300 _a100
650 _aBHAVPRAKASH
999 _c497017
_d497017